000 00225nam a2200097Ia 4500
008 180219s9999 xx 000 0 und d
100 _aDey Pradip
245 0 _aComputer Fundamentals And Programming In C
260 _c2011
300 _a0
942 _e12th
999 _c43415
_d43415